000 01200nam a2200265 a 4500
001 77548
003 BD-RjUL
005 20211209083002.0
008 201119s19659999ii a b 001 0 eng
035 _a(BD-RjUL)77773
040 _aDLC
_cDLC
_dBD-RjUL
082 _223
_a630.5
_bIAE 1983
245 0 0 _aIndian journal of agricultural economics /
_cIndian Society of Agricultural Economics.
260 _aBombay :
_bIndian Society of Agricultural Economics,
_c[1965-]
300 _a v.:
_billus.;
_c25 cm.
500 _aPublished on the occasion of the Annual Conference of the Indian Society of Agricultural Economics during the jubilee year, 1965.
500 _a"Indian journal of agricultural economics, 1940-1964: index": p. [391]-475.
500 _aAlso includes index to the Proceedings of the Conferences of the Indian Society of Agricultural Economics, 1940-1945.
504 _aBibliographical footnotes.
650 0 _aAgriculture
_xEconomic aspects
_zIndia.
_vPeriodicals
_9242036
710 2 _aIndian Society of Agricultural Economics.
_tProceedings of the Conference.
_9242037
730 0 _aIndian journal of agricultural economics.
_9242038
942 _2ddc
_cCR
999 _c77548
_d77548